LIBRARY & INFORMATION CENTRE, KCAET, TAVANUR

ONLINE PUBLIC ACCESS CATALOGUE (OPAC)

Radio designers handbook / (Record no. 7112)

MARC details
000 -LEADER
fixed length control field 00391cam a2200157ua 4500
041 ## - LANGUAGE CODE
Language code of text/sound track or separate title eng
082 ## - DEWEY DECIMAL CLASSIFICATION NUMBER
Classification number 028.71621
Item number LAN/RA
100 ## - MAIN ENTRY--AUTHOR NAME
Personal name Langford-Smith, F .
245 ## - TITLE STATEMENT
Title Radio designers handbook /
250 ## - EDITION STATEMENT
Edition statement 4 /
260 ## - PUBLICATION, DISTRIBUTION, ETC. (IMPRINT)
Place of publication London :
Name of publisher Iliffee books ,
Year of publication 1967.
300 ## - PHYSICAL DESCRIPTION
Number of Pages 1498 ; .
942 ## - ADDED ENTRY ELEMENTS (KOHA)
Koha item type Books
Holdings
Withdrawn status Lost status Damaged status Home library Current library Date acquired Full call number Accession Number Koha item type
      KAUAET   07/04/2012 028.71621 12453 Books
free website counter